Crises and perspectives : (Record no. 8094)
[ view plain ]
| 000 -LEADER | |
|---|---|
| fixed length control field | 00869nam a2200229 4500 |
| 008 - FIXED-LENGTH DATA ELEMENTS--GENERAL INFORMATION | |
| fixed length control field | 011220s1986 us eng |
| 020 ## - INTERNATIONAL STANDARD BOOK NUMBER | |
| International Standard Book Number | 9004078738 |
| 090 ## - LOCALLY ASSIGNED LC-TYPE CALL NUMBER (OCLC); LOCAL CALL NUMBER (OCLC) | |
| Classification number (OCLC) (R) ; Classification number, CALL (RLIN) (NR) | BS1171.2 |
| Local cutter number (OCLC) ; Book number/undivided call number, CALL (RLIN) | Ou2 |
| -- | 1986 |
| 100 1# - MAIN ENTRY--PERSONAL NAME | |
| Personal name | Moon, J. C. de |
| 245 10 - TITLE STATEMENT | |
| Title | Crises and perspectives : |
| Remainder of title | studies in ancient Near Eastern polytheism... / |
| Statement of responsibility, etc | J. C. de Moon...[et al.], A. S. van der Woude. |
| 260 ## - PUBLICATION, DISTRIBUTION, ETC. (IMPRINT) | |
| Place of publication, distribution, etc | Leiden : |
| Name of publisher, distributor, etc | E. J. Brill, |
| Date of publication, distribution, etc | 1986. |
| 300 ## - PHYSICAL DESCRIPTION | |
| Extent | 149 p. |
| 490 1# - SERIES STATEMENT | |
| Series statement | Oudtestamentische studien; |
| Volume number/sequential designation | XXIV |
| 500 ## - GENERAL NOTE | |
| General note | Papers read at the Joint British-Dutch Old Testament conference held at Cambridge, UK, 1985. |
| 650 #4 - SUBJECT ADDED ENTRY--TOPICAL TERM | |
| Topical term or geographic name as entry element | Apocryphal literature. |
| 650 #4 - SUBJECT ADDED ENTRY--TOPICAL TERM | |
| Topical term or geographic name as entry element | Archaeology. |
| 650 #4 - SUBJECT ADDED ENTRY--TOPICAL TERM | |
| Topical term or geographic name as entry element | Bible. O.T. |
| General subdivision | Criticism, interpretation, etc. |
| 650 #4 - SUBJECT ADDED ENTRY--TOPICAL TERM | |
| Topical term or geographic name as entry element | Bible. O.T. |
| General subdivision | Theology. |
| 700 1# - ADDED ENTRY--PERSONAL NAME | |
| Personal name | Woude, A. S. van der |
| 950 0# - LOCAL HOLDINGS (RLIN) | |
| -- | 7.20 |
| 951 ## - EQUIVALENCE OR CROSS-REFERENCE-GEOGRAPHIC NAME/AREA NAME [OBSOLETE] [CAN/MARC only] | |
| -- | 13345 |
| -- | BS1171.2/Ou2/1986 |
| -- | 070613111030078 |
| -- | 2000-12-21 |
| -- | REF |
| Withdrawn status | Lost status | Damaged status | Not for loan | Home library | Current library | Shelving location | Date acquired | Accession number | Shelving control number | Total Checkouts | Full call number | Date last seen | Price effective from | Koha item type |
|---|---|---|---|---|---|---|---|---|---|---|---|---|---|---|
| BSOP Library | BSOP Library | Reference | 12/21/2000 | 13345 | 127 | BS1171.2/Ou2/1986 | 02/23/2013 | 02/23/2013 | Books |
